| 000 | 00681cam a2200265 4500 | ||
|---|---|---|---|
| 001 | 7883 | ||
| 003 | BD-RjUL | ||
| 005 | 20211208234506.0 | ||
| 008 | 160114s1973 enka 001 0 eng | ||
| 020 | _a027331680X | ||
| 020 | _a0273316826 | ||
| 035 | _a(BD-RjUL)7927 | ||
| 040 |
_aDLC _cDLC _dDLC _dBD-RjUL _beng |
||
| 041 | _aeng | ||
| 082 | 0 | 0 |
_a510 _bBAT 1973 |
| 100 | 1 |
_aBaber, T. D. H. _924608 |
|
| 245 | 1 | 0 |
_aTopics in modern mathematics 2 / _cT. D. H. Baber. |
| 260 |
_aLondon : _bPitman, _cc1973 |
||
| 300 |
_ax, 262 p. : _bill. ; _c22 cm. |
||
| 350 | _a£2.40 | ||
| 500 | _aIncludes index. | ||
| 650 | 0 |
_aMathematics. _924609 |
|
| 942 |
_2ddc _cBK |
||
| 999 |
_c7883 _d7883 |
||